[Event "ARG-ch sf"]
[Site "Argentina"]
[Date "1989.??.??"]
[Round "?"]
[White "Emma, Jaime"]
[Black "Servat, Roberto"]
[Result "0-1"]
[WhiteElo "2400"]
[BlackElo "2445"]
[PlyCount "88"]
[EventDate "1989.??.??"]
[EventType "swiss"]
[EventRounds "7"]
[EventCountry "ARG"]
[SourceTitle "EXT 2000"]
[Source "ChessBase"]
[SourceDate "1999.11.16"]
[SourceVersion "1"]
[SourceVersionDate "1999.11.16"]
[SourceQuality "1"]

1. e4 e5 2. Nf3 Nc6 3. Bb5 a6 4. Ba4 Nf6 5. 0-0 Be7 6. Re1 b5 7. Bb3 d6 8. c3 0-0 9. d4 Bg4 10. h3 Bxf3 11. Qxf3 exd4 12. Qd1 dxc3 13. Nxc3 Na5 14. Bc2 Nc4 15. a4 c6 16. b3 Ne5 17. Bb2 Qb6 18. Ne2 Rfe8 19. Ng3 g6 20. Bd4 c5 21. Bc3 Nc6 22. Kh2 Rad8 23. axb5 axb5 24. f4 Nd7 25. Qg4 Bf6 26. Bxf6 Nxf6 27. Qh4 Nd4 28. Bd3 Kg7 29. Rad1 Qc7 30. b4 Qe7 31. bxc5 dxc5 32. e5 Nd5 33. Qg4 Kh8 34. f5 Rg8 35. f6 Qc7 36. Qh4 Rde8 37. Re4 Nf5 38. Nxf5 gxf5 39. Ree1 Rxe5 40. Kh1 c4 41. Bc2 Nb4 42. Rxe5 Qxe5 43. Re1 Qd5 44. Be4 Qd2 0-1

[Event "ARG-ch"]
[Site "Buenos Aires"]
[Date "1988.??.??"]
[Round "?"]
[White "Bronstein, Luis Marcos"]
[Black "Emma, Jaime"]
[Result "1/2-1/2"]
[WhiteElo "2405"]
[BlackElo "2415"]
[PlyCount "118"]
[EventDate "1988.??.??"]
[EventType "tourn"]
[EventRounds "17"]
[EventCountry "ARG"]
[SourceTitle "EXT 1999"]
[Source "ChessBase"]
[SourceDate "1998.11.16"]
[SourceVersion "1"]
[SourceVersionDate "1998.11.16"]
[SourceQuality "1"]

1. e4 e5 2. Nf3 Nc6 3. Bb5 Nf6 4. 0-0 Nxe4 5. d4 Be7 6. Qe2 Nd6 7. Bxc6 bxc6 8. dxe5 Nb7 9. c4 0-0 10. Nc3 Nc5 11. Be3 Ne6 12. Rad1 f6 13. Nd4 Nxd4 14. Bxd4 fxe5 15. Bxe5 d6 16. c5 d5 17. Bd4 a5 18. Rfe1 Rf7 19. Qe5 Bd7 20. Ne2 Bf6 21. Qe3 Bg5 22. f4 Bh4 23. g3 Be7 24. Nc1 Qf8 25. Nd3 Bf6 26. Bxf6 gxf6 27. Qd4 h5 28. Re3 Re8 29. Rxe8 Qxe8 30. Re1 Qf8 31. Kf2 Bf5 32. Ke3 h4 33. Nf2 hxg3 34. hxg3 Rg7 35. Rg1 Re7+ 36. Kd2 Qe8 37. g4 Re2+ 38. Kd1 Bc2+ 39. Kc1 Ba4 40. Nd1 Bxd1 41. Rxd1 Qe4 42. Qxe4 Rxe4 43. Rf1 Rc4+ 44. Kd2 Rxc5 45. b3 Kf7 46. Rh1 Kg7 47. a4 d4 48. Kd3 Rc3+ 49. Kxd4 Rxb3 50. Rc1 Rg3 51. Ke4 Kg6 52. Rxc6 Rxg4 53. Rxc7 Rg1 54. Rc5 f5+ 55. Ke3 Re1+ 56. Kf3 Ra1 57. Rxa5 Ra3+ 58. Ke2 Kh5 59. Rxf5+ Kg4 1/2-1/2

[Event "ARG-ch"]
[Site "Buenos Aires"]
[Date "1988.??.??"]
[Round "?"]
[White "Casafus, Ruben Andres"]
[Black "Emma, Jaime"]
[Result "1-0"]
[WhiteElo "2370"]
[BlackElo "2415"]
[PlyCount "105"]
[EventDate "1988.??.??"]
[EventType "tourn"]
[EventRounds "17"]
[EventCountry "ARG"]
[SourceTitle "EXT 1999"]
[Source "ChessBase"]
[SourceDate "1998.11.16"]
[SourceVersion "1"]
[SourceVersionDate "1998.11.16"]
[SourceQuality "1"]

1. d4 Nf6 2. Nf3 e6 3. c4 c5 4. d5 exd5 5. cxd5 d6 6. Nc3 g6 7. Bg5 h6 8. Bh4 a6 9. a4 g5 10. Bg3 Nh5 11. Nd2 Nxg3 12. hxg3 Nd7 13. Nc4 Nf6 14. a5 Bg7 15. e3 0-0 16. Qc2 Qe7 17. Be2 Bd7 18. 0-0 Rad8 19. Nb6 Rfe8 20. Bd3 h5 21. Rfe1 h4 22. gxh4 gxh4 23. Bf5 Bb5 24. Qd1 Kf8 25. Qf3 Ng8 26. Rad1 Nh6 27. Bh3 Kg8 28. Rd2 Qf6 29. Nxb5 axb5 30. Bd7 Qxf3 31. gxf3 Re7 32. Bxb5 f5 33. f4 Bf6 34. Kh1 Rg7 35. Rg1 Rxg1+ 36. Kxg1 Kf7 37. Bd7 Rg8+ 38. Kh1 Rg7 39. Be6+ Kg6 40. Nc4 Be7 41. f3 Kf6 42. e4 fxe4 43. fxe4 Nf7 44. e5+ dxe5 45. fxe5+ Kg6 46. Rg2+ Ng5 47. d6 Bd8 48. Bd5 h3 49. Rg1 Kf5 50. e6 Bf6 51. Rf1+ Kg6 52. Ne5+ Bxe5 53. e7 1-0

[Event "ARG-ch"]
[Site "Buenos Aires"]
[Date "1988.??.??"]
[Round "?"]
[White "Emma, Jaime"]
[Black "Ricardi, Pablo"]
[Result "0-1"]
[WhiteElo "2415"]
[BlackElo "2415"]
[PlyCount "68"]
[EventDate "1988.??.??"]
[EventType "tourn"]
[EventRounds "17"]
[EventCountry "ARG"]
[SourceTitle "EXT 1999"]
[Source "ChessBase"]
[SourceDate "1998.11.16"]
[SourceVersion "1"]
[SourceVersionDate "1998.11.16"]
[SourceQuality "1"]

1. c4 c5 2. Nc3 Nc6 3. Nf3 g6 4. e3 Nf6 5. d4 cxd4 6. exd4 d5 7. Be2 Bg7 8. 0-0 0-0 9. Re1 h6 10. h3 Be6 11. cxd5 Nxd5 12. Bf1 Rc8 13. Be3 Kh7 14. Na4 Ncb4 15. Nc5 Bf5 16. g4 Bc2 17. Qd2 b6 18. a3 bxc5 19. axb4 cxb4 20. Rxa7 Be4 21. Bg2 Rc2 22. Qd1 Rxb2 23. Qa1 Rc2 24. Ng5+ hxg5 25. Bxe4 Nxe3 26. fxe3 Rd2 27. Qc1 Bxd4 28. Qxd2 Bxa7 29. Qxb4 Qc7 30. Bg2 Rd8 31. Qb3 Kg8 32. Qb2 Bb8 33. e4 Qh2+ 34. Kf1 Ba7 0-1

[Event "ARG-ch"]
[Site "Buenos Aires"]
[Date "1988.??.??"]
[Round "?"]
[White "Mahia, Gustavo"]
[Black "Emma, Jaime"]
[Result "1/2-1/2"]
[WhiteElo "2390"]
[BlackElo "2415"]
[PlyCount "23"]
[EventDate "1988.??.??"]
[EventType "tourn"]
[EventRounds "17"]
[EventCountry "ARG"]
[SourceTitle "EXT 1999"]
[Source "ChessBase"]
[SourceDate "1998.11.16"]
[SourceVersion "1"]
[SourceVersionDate "1998.11.16"]
[SourceQuality "1"]

1. e4 g6 2. d4 Bg7 3. c3 d6 4. Nf3 Nf6 5. Bd3 0-0 6. 0-0 Nc6 7. a4 e5 8. dxe5 Nxe5 9. Nxe5 dxe5 10. Bg5 h6 11. Be3 Be6 12. f3 1/2-1/2

[Event "Buenos Aires BCA"]
[Site "Buenos Aires"]
[Date "1987.??.??"]
[Round "3"]
[White "Emma, Jaime"]
[Black "Campos Gambuti, Luis Maria"]
[Result "1-0"]
[WhiteElo "2415"]
[BlackElo "2270"]
[PlyCount "133"]
[EventDate "1987.??.??"]
[EventType "team"]
[EventRounds "9"]
[EventCountry "ARG"]
[SourceTitle "EXT 2000"]
[Source "ChessBase"]
[SourceDate "1999.11.16"]
[SourceVersion "1"]
[SourceVersionDate "1999.11.16"]
[SourceQuality "1"]

1. e4 c5 2. Nf3 Nc6 3. d3 e6 4. g3 d5 5. Nbd2 g6 6. Bg2 Bg7 7. 0-0 Nge7 8. Re1 b6 9. h4 h6 10. c3 Qc7 11. Nf1 Ba6 12. Bf4 e5 13. Nxe5 Bxe5 14. Bxe5 Qxe5 15. exd5 Qd6 16. dxc6 0-0 17. d4 Rad8 18. dxc5 Qxc5 19. Qc1 Bxf1 20. Rxf1 h5 21. Qg5 Qxg5 22. hxg5 Rc8 23. Rfe1 Nxc6 24. Rad1 Rc7 25. Bxc6 Rxc6 26. Rd7 Rc5 27. f4 a5 28. Kf2 a4 29. a3 Rb5 30. Re2 Rb3 31. Kf3 Kg7 32. Rd4 b5 33. Kf2 Rb8 34. Rc2 h4 35. gxh4 Rh8 36. Kg3 Re8 37. Kf3 Re1 38. Rb4 Rh1 39. Kg3 Rg1+ 40. Rg2 Rc1 41. Rxb3 axb3 42. Re2 Rg1+ 43. Kf3 Rh1 44. Re5 Rh2 45. Rxb5 Rxb2 46. Rb8 Rb1 47. a4 Rf1+ 48. Kg3 Rg1+ 49. Kf2 Ra1 50. Rxb3 Rxa4 51. Rb4 Ra6 52. Rc4 Ra2+ 53. Kg3 Ra1 54. Rd4 Rg1+ 55. Kf3 Rh1 56. c4 Rxh4 57. c5 Kf8 58. Rc4 Ke7 59. c6 Rh8 60. Ke4 Ke6 61. c7 Rc8 62. f5+ Kd6 63. Kf4 Kd5 64. Rc2 Kd6 65. Rc1 Kd5 66. Rd1+ Kc6 67. fxg6 1-0

[Event "ARG-ch55"]
[Site "Quilmes"]
[Date "1980.06.02"]
[Round "4"]
[White "Emma, Jaime"]
[Black "Rossetto, Hector"]
[Result "1/2-1/2"]
[WhiteElo "2440"]
[BlackElo "2410"]
[PlyCount "85"]
[EventDate "1980.05.28"]
[EventType "swiss"]
[EventRounds "13"]
[EventCountry "ARG"]
[SourceTitle "MCL"]
[Source "ChessBase"]
[SourceDate "1999.07.01"]
[SourceVersion "1"]
[SourceVersionDate "1999.07.01"]
[SourceQuality "1"]

1. c4 e6 2. Nc3 d5 3. d4 Nf6 4. Bg5 c6 5. e3 Nbd7 6. cxd5 exd5 7. Bd3 Be7 8. Qc2 Nf8 9. Nge2 g6 10. 0-0 Ne6 11. Bh4 Ng7 12. f3 0-0 13. Rae1 Re8 14. Kh1 Nfh5 15. Bf2 Bh4 16. g3 Be7 17. g4 Nf6 18. Rg1 b6 19. a3 Bb7 20. Ng3 Rc8 21. Qd2 Bf8 22. Kg2 c5 23. Bb5 Re7 24. Nge2 Ne6 25. h4 Bg7 26. Rd1 cxd4 27. Nxd4 Nxd4 28. exd4 a6 29. Ba4 b5 30. Bb3 Qd7 31. Rde1 Rce8 32. Rxe7 Rxe7 33. Re1 Rxe1 34. Bxe1 h5 35. g5 Nh7 36. a4 Nf8 37. axb5 axb5 38. Bf2 Ne6 39. Ne2 Bf8 40. Nf4 Nxf4+ 41. Qxf4 Bd6 42. Qf6 Bc8 43. Kf1 1/2-1/2

[Event "Los Polvorines op"]
[Site "Los Polvorines"]
[Date "1980.??.??"]
[Round "?"]
[White "Franco Ocampos, Zenon"]
[Black "Emma, Jaime"]
[Result "0-1"]
[WhiteElo "2360"]
[BlackElo "2440"]
[PlyCount "86"]
[EventDate "1980.??.??"]
[EventType "swiss"]
[EventRounds "9"]
[EventCountry "ARG"]
[SourceTitle "MCD"]
[Source "ChessBase"]
[SourceDate "1999.07.01"]
[SourceVersion "1"]
[SourceVersionDate "1999.07.01"]
[SourceQuality "1"]

1. e4 c5 2. Nf3 e6 3. d4 cxd4 4. Nxd4 Nc6 5. Nc3 a6 6. Be2 Qc7 7. 0-0 Nf6 8. Kh1 d6 9. f4 Be7 10. Be3 Bd7 11. a4 Nxd4 12. Bxd4 Bc6 13. Qd3 0-0 14. Qg3 Ne8 15. Bd3 Rd8 16. Rae1 Bf6 17. Bxf6 Nxf6 18. Qh4 h6 19. Re3 Kh8 20. Rg3 b5 21. Rff3 Rg8 22. Rh3 bxa4 23. Rfg3 Nh7 24. e5 dxe5 25. Bxh7 exf4 26. Rg5 f6 27. Rh5 g5 28. Qe1 g4 29. Be4 Bxe4 30. Qxe4 Qxc3 31. Rxh6+ Kg7 32. Rg6+ Kf8 33. Rxg8+ Kxg8 34. Qh7+ Kf8 35. Qh8+ Kf7 36. Qh5+ Kf8 37. Qh8+ Kf7 38. Rh7+ Kg6 39. Qg7+ Kf5 40. Rh5+ Ke4 41. Qb7+ Ke3 42. Qb6+ Qd4 43. Qxe6+ Kf2 0-1

[Event "Buenos Aires Konex International"]
[Site "Buenos Aires"]
[Date "1979.07.26"]
[Round "11"]
[White "Emma, Jaime"]
[Black "Browne, Walter Shawn"]
[Result "0-1"]
[WhiteElo "2435"]
[BlackElo "2540"]
[PlyCount "84"]
[EventDate "1979.07.12"]
[EventType "tourn"]
[EventRounds "13"]
[EventCountry "ARG"]
[EventCategory "10"]
[SourceTitle "MCL"]
[Source "ChessBase"]
[SourceDate "1999.07.01"]
[SourceVersion "1"]
[SourceVersionDate "1999.07.01"]
[SourceQuality "1"]

1. d4 Nf6 2. Nf3 e6 3. e3 b6 4. Bd3 Bb7 5. 0-0 Be7 6. b3 0-0 7. Bb2 c5 8. Nbd2 d5 9. Qe2 Nbd7 10. Rfd1 Rc8 11. c4 cxd4 12. exd4 Rc7 13. Ne5 dxc4 14. bxc4 Nxe5 15. dxe5 Nd7 16. Ne4 Bxe4 17. Bxe4 g6 18. Rac1 Qc8 19. h4 Bxh4 20. Rc3 Be7 21. Rh3 Rd8 22. f4 Nc5 23. Rxd8+ Qxd8 24. Bc2 Rd7 25. Bc3 Bf8 26. g4 h6 27. Kf1 Bg7 28. Qe3 Qc8 29. Qe2 Qa6 30. f5 Qxa2 31. g5 Na4 32. gxh6 Nxc3 33. Rxc3 Qa1+ 34. Qe1 Qxe1+ 35. Kxe1 Bxe5 36. Re3 Bf4 37. fxe6 Bxe3 38. exd7 Bg5 39. Ke2 Kf8 40. h7 Kg7 41. Kd3 Kxh7 42. Ke4 Bd8 0-1

[Event "Buenos Aires Konex International"]
[Site "Buenos Aires"]
[Date "1979.07.25"]
[Round "10"]
[White "Kortschnoj, Viktor Lvovich"]
[Black "Emma, Jaime"]
[Result "1-0"]
[WhiteElo "2695"]
[BlackElo "2435"]
[PlyCount "81"]
[EventDate "1979.07.12"]
[EventType "tourn"]
[EventRounds "13"]
[EventCountry "ARG"]
[EventCategory "10"]
[SourceTitle "MCL"]
[Source "ChessBase"]
[SourceDate "1999.07.01"]
[SourceVersion "1"]
[SourceVersionDate "1999.07.01"]
[SourceQuality "1"]

1. d4 e6 2. c4 d5 3. Nc3 c5 4. cxd5 exd5 5. Nf3 Nc6 6. Bf4 Nf6 7. e3 cxd4 8. Nxd4 a6 9. Rc1 Be7 10. Be2 0-0 11. 0-0 Be6 12. Nxc6 bxc6 13. Na4 Qa5 14. a3 Rfc8 15. b4 Qd8 16. Nc5 Bxc5 17. bxc5 Qa5 18. Qd4 Ne4 19. Rfd1 Re8 20. f3 Nf6 21. Bd3 Nd7 22. Bd6 f6 23. f4 Ra7 24. Rb1 Bf7 25. e4 f5 26. e5 g6 27. g3 Be6 28. Rb4 Qd8 29. Rdb1 Qa5 30. Bc2 Rc8 31. Kf2 h5 32. Bd3 Kf7 33. Be2 h4 34. Kg2 Rh8 35. Ra4 Qd8 36. Rxa6 Rxa6 37. Bxa6 Qa5 38. Bb7 Qxa3 39. Bxc6 hxg3 40. hxg3 g5 41. Bxd5 1-0

[Event "Buenos Aires Konex International"]
[Site "Buenos Aires"]
[Date "1979.07.20"]
[Round "7"]
[White "Rubinetti, Jorge Alberto"]
[Black "Emma, Jaime"]
[Result "1/2-1/2"]
[WhiteElo "2430"]
[BlackElo "2435"]
[PlyCount "126"]
[EventDate "1979.07.12"]
[EventType "tourn"]
[EventRounds "13"]
[EventCountry "ARG"]
[EventCategory "10"]
[SourceTitle "MCL"]
[Source "ChessBase"]
[SourceDate "1999.07.01"]
[SourceVersion "1"]
[SourceVersionDate "1999.07.01"]
[SourceQuality "1"]

1. Nf3 c5 2. c4 g6 3. g3 b6 4. Bg2 Bb7 5. 0-0 Bg7 6. Nc3 Nf6 7. d4 cxd4 8. Nxd4 Bxg2 9. Kxg2 Qc8 10. b3 d5 11. Nxd5 Nxd5 12. cxd5 Qc5 13. Be3 Qxd5+ 14. f3 0-0 15. Rc1 h5 16. a4 a6 17. Qd3 e5 18. Nc6 Qxd3 19. Ne7+ Kh7 20. exd3 Ra7 21. Nc8 Rd7 22. Rfd1 Rfd8 23. Bxb6 Bh6 24. Bxd8 Bxc1 25. Rxc1 Rxd8 26. Rc3 a5 27. Kf2 Na6 28. Ke2 Kg7 29. Na7 Nb4 30. Nb5 f5 31. Na3 Rd7 32. Nc4 Rd5 33. Ne3 Rd7 34. Nc2 Na2 35. Rc5 Nc1+ 36. Kf1 Nxb3 37. Rxe5 Rxd3 38. Re3 Rd1+ 39. Ne1 Nc5 40. Ra3 Rd2 41. Rc3 Nxa4 42. Ra3 Rd4 43. Nc2 Rc4 44. Ne3 Rb4 45. Nc2 Rb1+ 46. Ke2 Nb2 47. Rxa5 Rh1 48. Ra7+ Kh6 49. Ne1 Rxh2+ 50. Kf1 Rh1+ 51. Kf2 f4 52. gxf4 h4 53. Re7 Rh2+ 54. Kg1 Rd2 55. Ng2 h3 56. Ne3 g5 57. f5 g4 58. Nxg4+ Kg5 59. f6 Nd3 60. f7 Rd1+ 61. Kh2 Rd2+ 62. Kg1 Rd1+ 63. Kh2 Rd2+ 1/2-1/2

[Event "Buenos Aires Konex International"]
[Site "Buenos Aires"]
[Date "1979.07.13"]
[Round "2"]
[White "Emma, Jaime"]
[Black "Liberzon, Vladimir Mikhailovi"]
[Result "1/2-1/2"]
[WhiteElo "2435"]
[BlackElo "2515"]
[PlyCount "40"]
[EventDate "1979.07.12"]
[EventType "tourn"]
[EventRounds "13"]
[EventCountry "ARG"]
[EventCategory "10"]
[SourceTitle "MCL"]
[Source "ChessBase"]
[SourceDate "1999.07.01"]
[SourceVersion "1"]
[SourceVersionDate "1999.07.01"]
[SourceQuality "1"]

1. e4 c5 2. Nf3 e6 3. c3 d5 4. exd5 exd5 5. d4 Nc6 6. Be3 cxd4 7. Bxd4 Nxd4 8. Qxd4 a6 9. Nbd2 Nf6 10. Bd3 Bd6 11. 0-0 0-0 12. h3 Bc7 13. Rad1 Qd6 14. Nb3 Be6 15. Qh4 Rad8 16. Rfe1 Rfe8 17. Re5 h6 18. Rde1 Bd7 19. Rxe8+ Rxe8 20. Rxe8+ Bxe8 1/2-1/2

[Event "Buenos Aires Banco de la Ciudad 2nd"]
[Site "Buenos Aires"]
[Date "1979.??.??"]
[Round "8"]
[White "Anelli, Antonio"]
[Black "Emma, Jaime"]
[Result "1/2-1/2"]
[WhiteElo "2350"]
[BlackElo "2435"]
[PlyCount "36"]
[EventDate "1979.03.??"]
[EventType "swiss"]
[EventRounds "9"]
[EventCountry "ARG"]
[SourceTitle "EXT 2007"]
[Source "ChessBase"]
[SourceDate "2006.11.23"]
[SourceVersion "1"]
[SourceVersionDate "2006.11.23"]
[SourceQuality "1"]

1. d4 e6 2. c4 c5 3. e3 Nf6 4. Nf3 d5 5. Nc3 Nc6 6. a3 a6 7. dxc5 Bxc5 8. b4 Ba7 9. Bb2 0-0 10. Bd3 Qe7 11. 0-0 dxc4 12. Bxc4 b5 13. Bd3 Bb7 14. Rc1 Rfd8 15. Qe2 Rac8 16. Rfd1 Bb8 17. Ne4 Nxe4 18. Bxe4 Rxd1+ 1/2-1/2

[Event "Olympiad-23"]
[Site "Buenos Aires"]
[Date "1978.11.07"]
[Round "12"]
[White "Robatsch, Karl"]
[Black "Emma, Jaime"]
[Result "1-0"]
[WhiteElo "2430"]
[BlackElo "2390"]
[PlyCount "89"]
[EventDate "1978.10.25"]
[EventType "team-swiss"]
[EventRounds "14"]
[EventCountry "ARG"]
[SourceTitle "EXT 2000"]
[Source "ChessBase"]
[SourceDate "1999.11.16"]
[SourceVersion "1"]
[SourceVersionDate "1999.11.16"]
[SourceQuality "1"]
[WhiteTeam "Austria"]
[BlackTeam "Argentina"]
[WhiteTeamCountry "AUT"]
[BlackTeamCountry "ARG"]

1. c4 Nf6 2. Nc3 c5 3. Nf3 g6 4. e4 d6 5. d4 Na6 6. Be2 Bg7 7. 0-0 0-0 8. Re1 cxd4 9. Nxd4 Nc5 10. Bf1 Bd7 11. b3 a6 12. Bb2 Rb8 13. b4 Ne6 14. Nd5 Ne8 15. Rc1 Bc6 16. a3 Nxd4 17. Bxd4 Bxd4 18. Qxd4 e5 19. Qb6 Qxb6 20. Nxb6 Nc7 21. c5 Rbd8 22. Nc4 dxc5 23. Nxe5 Bb5 24. Rxc5 Ne6 25. Rd5 Nf4 26. Rxd8 Rxd8 27. Bxb5 axb5 28. g3 Ne6 29. Re3 f6 30. Nf3 Kf7 31. h4 h6 32. Kg2 Ke7 33. Rc3 g5 34. hxg5 hxg5 35. Nh2 Rd4 36. Kf3 Rd1 37. Ke2 Ra1 38. Rd3 Ra2+ 39. Ke3 Nd8 40. Ng4 Nc6 41. f4 gxf4+ 42. gxf4 Ra1 43. Kf2 Ra2+ 44. Kg3 Ke6 45. Ne3 1-0

[Event "Olympiad-23"]
[Site "Buenos Aires"]
[Date "1978.11.02"]
[Round "8"]
[White "Huebner, Robert"]
[Black "Emma, Jaime"]
[Result "1-0"]
[WhiteElo "2595"]
[BlackElo "2390"]
[PlyCount "71"]
[EventDate "1978.10.25"]
[EventType "team-swiss"]
[EventRounds "14"]
[EventCountry "ARG"]
[SourceTitle "EXT 2000"]
[Source "ChessBase"]
[SourceDate "1999.11.16"]
[SourceVersion "1"]
[SourceVersionDate "1999.11.16"]
[SourceQuality "1"]
[WhiteTeam "Germany"]
[BlackTeam "Argentina"]
[WhiteTeamCountry "GER"]
[BlackTeamCountry "ARG"]

1. c4 e6 2. Nf3 d5 3. g3 Nf6 4. Bg2 Be7 5. 0-0 0-0 6. d4 c5 7. cxd5 exd5 8. dxc5 Nc6 9. Be3 Ng4 10. Bd4 Nxd4 11. Qxd4 Qc7 12. Nc3 Bxc5 13. Nxd5 Qd6 14. Qd3 Ne5 15. Nxe5 Qxe5 16. Rac1 Bb6 17. Rc2 Rd8 18. Qe4 Qxe4 19. Bxe4 Re8 20. Rfc1 Be6 21. Nxb6 axb6 22. a3 Bb3 23. Rc3 Rxe4 24. Rxb3 Rxe2 25. Rc7 h5 26. Rxb7 Rd8 27. R7xb6 Rdd2 28. Rb8+ Kh7 29. Rf3 f6 30. Rb5 Rxb2 31. Rxh5+ Kg6 32. Ra5 Ra2 33. Ra7 Rec2 34. Rf4 Rd2 35. Rg4+ Kh6 36. Raxg7 1-0

[Event "Olympiad-23"]
[Site "Buenos Aires"]
[Date "1978.11.01"]
[Round "7"]
[White "Emma, Jaime"]
[Black "Sigurjonsson, Gudmundur"]
[Result "1/2-1/2"]
[WhiteElo "2390"]
[BlackElo "2500"]
[PlyCount "62"]
[EventDate "1978.10.25"]
[EventType "team-swiss"]
[EventRounds "14"]
[EventCountry "ARG"]
[SourceTitle "EXT 2000"]
[Source "ChessBase"]
[SourceDate "1999.11.16"]
[SourceVersion "1"]
[SourceVersionDate "1999.11.16"]
[SourceQuality "1"]
[WhiteTeam "Argentina"]
[BlackTeam "Iceland"]
[WhiteTeamCountry "ARG"]
[BlackTeamCountry "ISL"]

1. e4 c5 2. Nf3 d6 3. c3 Nf6 4. Be2 g6 5. 0-0 Bg7 6. Re1 0-0 7. Bf1 Bg4 8. h3 Bxf3 9. Qxf3 Nc6 10. Na3 Nd7 11. Qd1 a6 12. Nc2 Qb6 13. Rb1 Qa5 14. a3 b5 15. d3 Rfc8 16. Be3 Rc7 17. Qd2 Rac8 18. Be2 Qa4 19. Bd1 Qa5 20. f4 e6 21. Bf3 Qb6 22. Rf1 a5 23. Bg4 b4 24. f5 exf5 25. exf5 Rb8 26. fxg6 hxg6 27. axb4 axb4 28. Bxd7 Rxd7 29. c4 d5 30. Qf2 d4 31. Bf4 Re8 1/2-1/2

[Event "Olympiad-23"]
[Site "Buenos Aires"]
[Date "1978.10.31"]
[Round "6"]
[White "Suradiradja, Herman"]
[Black "Emma, Jaime"]
[Result "1/2-1/2"]
[WhiteElo "2330"]
[BlackElo "2390"]
[PlyCount "48"]
[EventDate "1978.10.25"]
[EventType "team-swiss"]
[EventRounds "14"]
[EventCountry "ARG"]
[SourceTitle "EXT 2000"]
[Source "ChessBase"]
[SourceDate "1999.11.16"]
[SourceVersion "1"]
[SourceVersionDate "1999.11.16"]
[SourceQuality "1"]
[WhiteTeam "Indonesia"]
[BlackTeam "Argentina"]
[WhiteTeamCountry "INA"]
[BlackTeamCountry "ARG"]

1. e4 Nc6 2. Nf3 e5 3. Bb5 Bc5 4. 0-0 Nd4 5. Nxd4 Bxd4 6. c3 Bb6 7. d4 c6 8. Ba4 d6 9. Na3 exd4 10. cxd4 Ne7 11. d5 Bc5 12. Nc2 0-0 13. b4 Bb6 14. dxc6 Nxc6 15. Bxc6 bxc6 16. Be3 Re8 17. Qd3 Bxe3 18. Nxe3 a5 19. Qc2 axb4 20. Qxc6 Rb8 21. f3 Bb7 22. Qc2 d5 23. Nxd5 Bxd5 24. exd5 Qxd5 1/2-1/2

[Event "Olympiad-23"]
[Site "Buenos Aires"]
[Date "1978.10.30"]
[Round "5"]
[White "Emma, Jaime"]
[Black "Garcia, Gildardo"]
[Result "1/2-1/2"]
[WhiteElo "2390"]
[BlackElo "2365"]
[PlyCount "75"]
[EventDate "1978.10.25"]
[EventType "team-swiss"]
[EventRounds "14"]
[EventCountry "ARG"]
[SourceTitle "EXT 2000"]
[Source "ChessBase"]
[SourceDate "1999.11.16"]
[SourceVersion "1"]
[SourceVersionDate "1999.11.16"]
[SourceQuality "1"]
[WhiteTeam "Argentina"]
[BlackTeam "Columbia"]
[WhiteTeamCountry "ARG"]
[BlackTeamCountry "COL"]

1. e4 e5 2. Nf3 Nc6 3. Bb5 a6 4. Ba4 Nf6 5. d3 b5 6. Bb3 Be7 7. 0-0 d6 8. c3 0-0 9. Re1 Nb8 10. a4 Bb7 11. axb5 axb5 12. Rxa8 Bxa8 13. Na3 c6 14. Nc2 Nbd7 15. Ne3 g6 16. Nf1 Re8 17. d4 Bf8 18. Ng3 Bg7 19. h3 Qb8 20. dxe5 dxe5 21. Be3 c5 22. Qa1 c4 23. Bc2 Qc7 24. b4 cxb3 25. Bxb3 h6 26. Qa2 Nf8 27. Bb6 Qb7 28. Bc5 Ne6 29. Bd6 Nd7 30. Rd1 Qc8 31. Nh4 Nb6 32. Bb4 Nc4 33. Nf3 Bb7 34. Nd2 Rd8 35. Nxc4 Rxd1+ 36. Bxd1 bxc4 37. Be2 Ba6 38. Bg4 1/2-1/2

[Event "Zonal Tramandai"]
[Site "Tramandai"]
[Date "1978.09.26"]
[Round "8"]
[White "Van Riemsdijk, Herman Claudius"]
[Black "Emma, Jaime"]
[Result "1/2-1/2"]
[WhiteElo "2375"]
[BlackElo "2390"]
[PlyCount "38"]
[EventDate "1978.09.16"]
[EventType "tourn"]
[EventRounds "13"]
[EventCountry "BRA"]
[EventCategory "4"]
[SourceTitle "MCD"]
[Source "ChessBase"]
[SourceDate "1999.07.01"]
[SourceVersion "1"]
[SourceVersionDate "1999.07.01"]
[SourceQuality "1"]

1. e4 e5 2. Nf3 Nc6 3. Bb5 Bc5 4. d3 d6 5. Nbd2 Nf6 6. Nc4 0-0 7. Ne3 Nd4 8. Bc4 b5 9. Bb3 Nxb3 10. axb3 d5 11. exd5 Nxd5 12. Nxe5 Nxe3 13. fxe3 Bb7 14. Nf3 Re8 15. 0-0 Bxe3+ 16. Bxe3 Rxe3 17. Qd2 Re6 18. Qf2 a6 19. Rae1 Rxe1 1/2-1/2